[Event "40th ECC Open 2025"]
[Site "Rhodes GRE"]
[Date "2025.10.21"]
[Round "3.103"]
[White "Kaczmarczyk, Dennis"]
[Black "Blomqvist, Erik"]
[Result "0-1"]
[WhiteTitle "IM"]
[BlackTitle "GM"]
[WhiteElo "2473"]
[BlackElo "2478"]
[WhiteTeam "SG Winterthur"]
[BlackTeam "SK Rockaden #1 (SWE)"]
[WhiteFideId "24608297"]
[BlackFideId "1709437"]
[EventDate "2025.10.19"]
[EventType "team"]

1. c4 e5 2. Nc3 Bb4 3. Nf3 Bxc3 4. dxc3 Nc6 5. e4 d6 6. h3 Nge7 7. Bd3 f5 8.
exf5 Bxf5 9. Ng5 Qd7 10. Bxf5 Qxf5 11. Qg4 O-O 12. Qxf5 Nxf5 13. Ne4 a6 14. O-O
b5 15. cxb5 axb5 16. Bd2 Ra4 17. f3 h6 18. a3 Na5 19. Rfe1 Nb3 20. Rad1 g5 21.
Re2 Kg7 22. Be1 Raa8 23. Bf2 Kg6 24. Nd2 Nxd2 25. Rexd2 Ng7 26. Rd5 Rfb8 27. h4
Ne6 28. hxg5 hxg5 29. Be3 Ra4 30. Kf2 Rh4 31. Re1 Kf6 32. Ba7 Rb7 33. Be3 Ke7
34. Kg3 Rh7 35. Rdd1 Rb8 36. Rh1 Rbh8 37. Rxh7+ Rxh7 38. a4 bxa4 39. Ra1 Kf6 40.
Rxa4 Rh1 41. Ra7 Re1 42. Kf2 Rb1 43. Rb7 d5 44. Rb5 d4 45. cxd4 exd4 46. Bd2 c5
47. Ke2 Ke5 48. b4 Kf6 49. Kd3 Rb3+ 50. Kc4 Rb2 51. Be1 Re2 52. Bg3 Rxg2 53. Bd6
Rc2+ 54. Kd3 Rc3+ 55. Kd2 c4 56. Be5+ Kg6 57. Rd5 Rxf3 58. b5 Rb3 59. Kc2 Kh5
60. Rd6 d3+ 61. Kd2 Nc5 62. Rd5 c3+ 63. Ke3 d2 64. Ke2 Ne4 65. Bf4 Rb1 0-1

[Event "40th ECC Open 2025"]
[Site "Rhodes GRE"]
[Date "2025.10.21"]
[Round "3.104"]
[White "Trost, Edvin"]
[Black "Kurmann, Oliver"]
[Result "1-0"]
[WhiteTitle "IM"]
[BlackTitle "IM"]
[WhiteElo "2457"]
[BlackElo "2409"]
[WhiteTeam "SK Rockaden #1 (SWE)"]
[BlackTeam "SG Winterthur"]
[WhiteFideId "1729519"]
[BlackFideId "1308173"]
[EventDate "2025.10.19"]
[EventType "team"]

1. d4 d5 2. c4 e6 3. Nc3 c5 4. cxd5 exd5 5. Nf3 Nc6 6. dxc5 d4 7. Na4 Bxc5 8.
Nxc5 Qa5+ 9. Bd2 Qxc5 10. b4 Qb6 11. Qa4 a6 12. e3 dxe3 13. fxe3 Rb8 14. b5 axb5
15. Bxb5 Ne7 16. Qa5 Qxa5 17. Bxa5 O-O 18. Bb6 h6 19. O-O Be6 20. e4 Rfc8 21. a4
Ra8 22. Rfc1 f6 23. a5 Na7 24. Ba4 Rxc1+ 25. Rxc1 Nac8 26. Bc7 b6 27. axb6 Nxb6
28. Bc6 Nxc6 29. Rxc6 Ra1+ 30. Kf2 Na8 31. Bd8 Kf7 32. e5 Rd1 33. Ba5 Rd7 34.
Ke3 Ra7 35. Rc5 fxe5 36. Nxe5+ Kg8 37. Kd4 Ra6 38. Nc6 Nb6 39. Nb4 Rxa5 40. Rxa5
Nd7 41. h4 Nf6 42. Nd3 Kh7 43. Nf4 Bd7 44. Ke5 Bg4 45. Ra7 Nd7+ 46. Kd6 Nf6 47.
Ke7 Bf5 48. Kf7 Bg4 49. Rb7 Bf5 50. Re7 Bg4 51. Nd3 Kh8 52. Nf4 Kh7 53. Ne6 Nd5
54. Nf8+ Kh8 55. Ng6+ Kh7 56. Re8 1-0

[Event "40th ECC Open 2025"]
[Site "Rhodes GRE"]
[Date "2025.10.21"]
[Round "3.105"]
[White "Gaehwiler, Gabriel"]
[Black "Sorensen, Hampus"]
[Result "1/2-1/2"]
[WhiteTitle "IM"]
[BlackTitle "IM"]
[WhiteElo "2380"]
[BlackElo "2440"]
[WhiteTeam "SG Winterthur"]
[BlackTeam "SK Rockaden #1 (SWE)"]
[WhiteFideId "1314530"]
[BlackFideId "8703884"]
[EventDate "2025.10.19"]
[EventType "team"]

1. e4 e5 2. Nf3 Nc6 3. Nc3 Nf6 4. d4 exd4 5. Nxd4 Bb4 6. Nxc6 bxc6 7. Bd3 O-O 8.
O-O d5 9. Bd2 Rb8 10. Re1 Bg4 11. Qc1 Re8 12. h3 Bxc3 13. Bxc3 dxe4 14. Bxf6
Qxf6 15. Bxe4 Bh5 16. Qd2 Qxb2 17. Bxc6 Red8 18. Qa5 Qb6 19. Qxh5 Qxc6 20. Re7
g6 21. Qa5 Rbc8 22. Qxa7 Qxc2 23. Rae1 Ra8 24. Qxc7 Qxc7 25. Rxc7 Rxa2 26. Rc3
Rad2 27. Rce3 Rd1 28. Rxd1 Rxd1+ 29. Kh2 Kg7 30. g3 h5 31. h4 1/2-1/2

[Event "40th ECC Open 2025"]
[Site "Rhodes GRE"]
[Date "2025.10.21"]
[Round "3.106"]
[White "Barkhagen, Jonas"]
[Black "Georgescu, Lena"]
[Result "0-1"]
[WhiteTitle "IM"]
[BlackTitle "FM"]
[WhiteElo "2408"]
[BlackElo "2259"]
[WhiteTeam "SK Rockaden #1 (SWE)"]
[BlackTeam "SG Winterthur"]
[WhiteFideId "1700855"]
[BlackFideId "1331973"]
[EventDate "2025.10.19"]
[EventType "team"]

1. d4 Nf6 2. c4 e6 3. Nc3 Bb4 4. e3 O-O 5. Ne2 c6 6. a3 Ba5 7. b4 Bc7 8. e4 d5
9. e5 Nfd7 10. Nf4 a5 11. Rb1 axb4 12. axb4 c5 13. Nb5 cxd4 14. Nxc7 Qxc7 15.
cxd5 Qxe5+ 16. Be2 exd5 17. O-O Nf6 18. Nd3 Qd6 19. Bb2 Bf5 20. Bxd4 Re8 21. Rc1
Nc6 22. Bc5 Qd8 23. b5 Bxd3 24. Qxd3 Ne5 25. Qb3 Ned7 26. Be3 d4 27. Bc4 dxe3
28. Bxf7+ Kh8 29. Bxe8 exf2+ 30. Rxf2 Qxe8 31. Qf3 Ne5 32. Qxb7 Nd3 33. Re2 Qxe2 0-1

[Event "40th ECC Open 2025"]
[Site "Rhodes GRE"]
[Date "2025.10.21"]
[Round "3.107"]
[White "Rappazzo, Johannes"]
[Black "Kenneskog, Theodor"]
[Result "1/2-1/2"]
[WhiteTitle "FM"]
[BlackTitle "FM"]
[WhiteElo "2189"]
[BlackElo "2338"]
[WhiteTeam "SG Winterthur"]
[BlackTeam "SK Rockaden #1 (SWE)"]
[WhiteFideId "1340069"]
[BlackFideId "1715011"]
[EventDate "2025.10.19"]
[EventType "team"]

1. e4 c5 2. Nf3 d6 3. d4 cxd4 4. Nxd4 Nf6 5. Nc3 a6 6. Bc4 e6 7. Be3 b5 8. Bb3
Be7 9. Qf3 Qc7 10. g4 b4 11. Nce2 Bb7 12. Nf4 Bxe4 13. Qh3 Bxh1 14. g5 Nd5 15.
g6 Bf6 16. gxf7+ Qxf7 17. Ndxe6 Nxe3 18. Qxe3 Qa7 19. Qh3 a5 20. O-O-O a4 21.
Nxg7+ Qxg7 22. Qc8+ Ke7 23. Qe6+ Kf8 24. Qc8+ Ke7 25. Qe6+ Kf8 26. Qc8+ Ke7 27.
Qe6+ Kf8 28. Qc8+ Ke7 1/2-1/2

[Event "40th ECC Open 2025"]
[Site "Rhodes GRE"]
[Date "2025.10.21"]
[Round "3.108"]
[White "Bator, Robert"]
[Black "Schiendorfer, Emanuel"]
[Result "0-1"]
[WhiteTitle "IM"]
[BlackTitle "FM"]
[WhiteElo "2299"]
[BlackElo "2365"]
[WhiteTeam "SK Rockaden #1 (SWE)"]
[BlackTeam "SG Winterthur"]
[WhiteFideId "1700405"]
[BlackFideId "1309889"]
[EventDate "2025.10.19"]
[EventType "team"]

1. e4 c6 2. d4 d5 3. e5 c5 4. dxc5 e6 5. a3 Bxc5 6. b4 Bb6 7. Nf3 a5 8. b5 Nd7
9. Bb2 f6 10. c4 fxe5 11. cxd5 exd5 12. Qxd5 Ngf6 13. Qe6+ Qe7 14. Qxe7+ Kxe7
15. Nc3 Rd8 16. Na4 Ba7 17. Be2 e4 18. Nd2 Nc5 19. Nxc5 Bxc5 20. Nc4 Be6 21. O-O
Bxc4 22. Bxc4 Rd2 23. Bc3 Rc2 24. Bxf6+ Kxf6 25. Bb3 Rb2 26. Rac1 Rc8 27. Bd5
Ke5 28. Bc4 Bxa3 29. f4+ Kf6 30. Bd5 Rxc1 31. Rxc1 Rd2 0-1

[Event "40th ECC Open 2025"]
[Site "Rhodes GRE"]
[Date "2025.10.21"]
[Round "3.109"]
[White "Bellahcene, Bilel"]
[Black "Stefansson, Vignir Vatnar"]
[Result "1/2-1/2"]
[WhiteTitle "GM"]
[BlackTitle "GM"]
[WhiteElo "2485"]
[BlackElo "2506"]
[WhiteTeam "CE Nyon"]
[BlackTeam "Breidablik"]
[WhiteFideId "696358"]
[BlackFideId "2308649"]
[EventDate "2025.10.19"]
[EventType "team"]

1. e4 d6 2. d4 Nf6 3. Nc3 e5 4. Nf3 Nbd7 5. a4 Be7 6. Be2 a5 7. O-O c6 8. Re1 h6
9. Be3 Ng4 10. Bc1 Ngf6 11. h3 g5 12. Nh2 exd4 13. Qxd4 Ne5 14. f4 gxf4 15. Bxf4
Qc7 16. Rad1 Be6 17. Kh1 Nfd7 18. Bh5 Nf6 19. Be2 Nfd7 20. Bh5 Nf6 21. Be2 Nfd7
22. Bh5 O-O-O 23. Ne2 Rdg8 24. Qa7 Qb6 25. Qxb6 Nxb6 26. b3 Nbd7 27. Nd4 Kc7 28.
Nhf3 Bf6 29. Nxe6+ fxe6 30. Bxe5 Nxe5 31. Nxe5 Bxe5 32. Bf7 1/2-1/2

[Event "40th ECC Open 2025"]
[Site "Rhodes GRE"]
[Date "2025.10.21"]
[Round "3.110"]
[White "Heimisson, Hilmir Freyr"]
[Black "Charnushevich, Aliaksei"]
[Result "1/2-1/2"]
[WhiteTitle "IM"]
[BlackTitle "GM"]
[WhiteElo "2291"]
[BlackElo "2496"]
[WhiteTeam "Breidablik"]
[BlackTeam "CE Nyon"]
[WhiteFideId "2309998"]
[BlackFideId "13500767"]
[EventDate "2025.10.19"]
[EventType "team"]

1. Nf3 Nf6 2. g3 d5 3. Bg2 c6 4. O-O Bg4 5. h3 Bh5 6. c4 e6 7. d4 Be7 8. Nc3 O-O
9. Ne5 Nfd7 10. Nd3 dxc4 11. Nf4 Bg6 12. h4 e5 13. Nxg6 hxg6 14. d5 Nb6 15. Be3
Bb4 16. Rc1 Bxc3 17. dxc6 Nxc6 18. Rxc3 Qe7 19. Bxb6 axb6 20. Bxc6 bxc6 21. Rxc4
c5 22. Qb3 Qe6 23. Rd1 Rfd8 24. Rxd8+ Rxd8 25. Qc2 Rd4 26. b3 Qd5 27. Rxd4 exd4
28. Qd3 Kf8 29. Qb5 Qd6 30. Qa6 Qc7 31. Qa8+ Ke7 1/2-1/2

[Event "40th ECC Open 2025"]
[Site "Rhodes GRE"]
[Date "2025.10.21"]
[Round "3.111"]
[White "Willems, Niels"]
[Black "Johannsson, Birkir Isak"]
[Result "1/2-1/2"]
[WhiteTitle "FM"]
[WhiteElo "2373"]
[BlackElo "2258"]
[WhiteTeam "CE Nyon"]
[BlackTeam "Breidablik"]
[WhiteFideId "20695586"]
[BlackFideId "2314673"]
[EventDate "2025.10.19"]
[EventType "team"]

1. c4 e6 2. Nc3 d5 3. e3 Nf6 4. Nf3 c5 5. cxd5 exd5 6. d4 a6 7. b3 cxd4 8. Nxd4
Bb4 9. Bd2 O-O 10. Be2 Nc6 11. Nxc6 bxc6 12. O-O Bd6 13. Bf3 Re8 14. Ne2 Ng4 15.
g3 Ne5 16. Bg2 Bg4 17. f3 Bc8 18. Qc2 Qb6 19. Nc3 Bd7 20. Rac1 Qa7 21. Kh1 Rac8
22. Na4 c5 23. Nc3 d4 24. Ne4 Bf8 25. f4 Ng4 26. Ng5 g6 27. Bd5 Bc6 28. Bxc6
Rxc6 29. exd4 Re2 30. Nf3 Nf2+ 31. Kg1 Nh3+ 32. Kh1 Nf2+ 33. Kg1 Nh3+ 34. Kh1
Nf2+ 1/2-1/2

[Event "40th ECC Open 2025"]
[Site "Rhodes GRE"]
[Date "2025.10.21"]
[Round "3.112"]
[White "Briem, Benedikt"]
[Black "Dudognon, Thibault"]
[Result "1/2-1/2"]
[BlackTitle "IM"]
[WhiteElo "2226"]
[BlackElo "2344"]
[WhiteTeam "Breidablik"]
[BlackTeam "CE Nyon"]
[WhiteFideId "2315432"]
[BlackFideId "20675569"]
[EventDate "2025.10.19"]
[EventType "team"]

1. d4 d5 2. c4 dxc4 3. e3 e5 4. Bxc4 exd4 5. exd4 Bd6 6. Nf3 Nf6 7. Qe2+ Qe7 8.
Qxe7+ Bxe7 9. O-O Nbd7 10. Nc3 Nb6 11. Bb3 c6 12. Re1 Nfd5 13. Nxd5 Nxd5 14.
Bxd5 cxd5 15. Bf4 Be6 16. Rac1 Bd8 17. Ng5 Bxg5 18. Bxg5 Kd7 19. Re3 Rac8 20.
Rec3 Rc4 21. Be3 Rhc8 22. Kf1 b5 23. a3 a5 24. Ke2 Bf5 25. Rxc4 bxc4 26. Bd2
Re8+ 27. Kf3 Rb8 28. Bc3 Rb6 29. g4 Bd3 30. Re1 a4 1/2-1/2

[Event "40th ECC Open 2025"]
[Site "Rhodes GRE"]
[Date "2025.10.21"]
[Round "3.113"]
[White "Joie, Sebastien"]
[Black "Briem, Stephan"]
[Result "1-0"]
[WhiteTitle "IM"]
[WhiteElo "2369"]
[BlackElo "2189"]
[WhiteTeam "CE Nyon"]
[BlackTeam "Breidablik"]
[WhiteFideId "650420"]
[BlackFideId "2312506"]
[EventDate "2025.10.19"]
[EventType "team"]

1. d4 d5 2. Nf3 Bf5 3. Bf4 c6 4. e3 Qb6 5. Qc1 Nf6 6. c4 e6 7. c5 Qd8 8. Nc3
Nbd7 9. Be2 Ne4 10. Nxe4 Bxe4 11. b4 Be7 12. O-O Bxf3 13. Bxf3 O-O 14. Qb2 Bf6
15. Bd6 Re8 16. b5 e5 17. bxc6 bxc6 18. Rfd1 exd4 19. exd4 Qa5 20. Rab1 Nf8 21.
Qb7 Bxd4 22. Qxc6 Rac8 23. Qb5 Qxb5 24. Rxb5 a6 25. Ra5 Bc3 26. Rxa6 d4 27. g3
Nd7 28. Bb7 Rxc5 29. Bxc5 Nxc5 30. Ra8 Rxa8 31. Bxa8 d3 32. f3 d2 33. Kf1 Nd3
34. Ke2 Nc1+ 35. Ke3 Nxa2 36. Kd3 Ba5 37. Rb1 g6 38. Kc2 Nc3 39. Rb8+ Kg7 40.
Kxd2 Ne4+ 41. Ke3 Nd6 42. Bd5 h5 43. Kd4 Nf5+ 44. Kd3 Nh6 45. Rb7 g5 46. Rd7 Bb6
47. h3 Bf2 48. g4 hxg4 49. fxg4 Bg3 50. Ke4 Kf6 51. Rb7 Bf2 52. Ba2 Bg3 53. Rb5
Kg6 54. Rb6+ Kg7 55. Rb7 Kf6 56. Bb3 Bf2 57. Kf3 Be1 58. Rb6+ Kg7 59. Rb5 Kf6
60. Ke4 Bg3 61. Ba2 Kg6 62. Kd5 Bf4 63. Ra5 Kg7 64. Kc6 Be3 65. Re5 Bf4 66. Rb5
Bd2 67. Rb7 Kg6 68. Kd7 Ng8 69. Ke8 Nf6+ 70. Ke7 Ng8+ 71. Kf8 Nh6 72. Rb6+ Kh7
73. Bb1+ f5 74. Bxf5+ 1-0

[Event "40th ECC Open 2025"]
[Site "Rhodes GRE"]
[Date "2025.10.21"]
[Round "3.114"]
[White "Heidarsson, Arnar Milutin"]
[Black "Ondozi, Murtez"]
[Result "0-1"]
[BlackTitle "FM"]
[WhiteElo "2085"]
[BlackElo "2316"]
[WhiteTeam "Breidablik"]
[BlackTeam "CE Nyon"]
[WhiteFideId "2312875"]
[BlackFideId "937576"]
[EventDate "2025.10.19"]
[EventType "team"]

1. d4 d5 2. c4 e6 3. Nc3 Nf6 4. cxd5 exd5 5. Bg5 c6 6. e3 h6 7. Bh4 Bd6 8. Bd3
Nbd7 9. Nge2 O-O 10. Bg3 Qe7 11. O-O Re8 12. Qc2 Nf8 13. a3 a5 14. Na4 Bg4 15.
Bxd6 Qxd6 16. Ng3 N8d7 17. Rac1 Be6 18. f3 Re7 19. Qc3 b5 20. Nc5 Nxc5 21. Qxc5
Qxc5 22. Rxc5 Bd7 23. Kf2 g6 24. h3 h5 25. Re1 h4 26. Nf1 a4 27. Nd2 Rae8 28. e4
Nh5 29. Bf1 Nf4 30. Rcc1 Kg7 31. exd5 Rxe1 32. Rxe1 Rxe1 33. Kxe1 Nxd5 34. Ne4
Be6 35. Kf2 f5 36. Nc3 Nb6 37. Ke3 Bd5 38. Bd3 Kf6 39. Nd1 Bb3 40. Nc3 Bd5 41.
Nd1 Bc4 42. Bc2 Nd5+ 43. Kf2 Nf4 44. Ne3 Ba2 45. Nf1 Ne6 46. Ke3 f4+ 47. Kd2
Nxd4 48. Bd3 Bf7 49. Kc3 Ke5 50. Nh2 Nf5 51. Ng4+ Kd6 52. Be2 Be6 53. Bd3 Ne7
54. Nf2 Bf5 55. Be4 Nd5+ 56. Bxd5 Kxd5 57. Nd1 c5 58. Nf2 g5 59. Nd1 Kd6 60. Nf2
Ke5 61. Nd1 Be6 62. Nf2 Bc4 63. Ng4+ Ke6 64. Nh2 Kf5 65. Kc2 b4 66. Kd2 Bb5 67.
Kc2 Ke5 68. Kd2 Kd4 69. Ng4 Bf1 70. Nh6 Bxg2 71. Nf7 Bxh3 72. Nxg5 Bf5 0-1

[Event "40th ECC Open 2025"]
[Site "Rhodes GRE"]
[Date "2025.10.21"]
[Round "3.115"]
[White "Sahidi, Samir"]
[Black "Annaberdiyev, Meylis"]
[Result "1-0"]
[WhiteTitle "IM"]
[BlackTitle "GM"]
[WhiteElo "2490"]
[BlackElo "2408"]
[WhiteTeam "SK K Cero Invest Nitra"]
[BlackTeam "Konya Yildiz Satranc SK"]
[WhiteFideId "14936372"]
[BlackFideId "14000563"]
[EventDate "2025.10.19"]
[EventType "team"]

1. d4 Nf6 2. Nf3 g6 3. g3 Bg7 4. Bg2 O-O 5. c4 d6 6. Nc3 Nbd7 7. O-O e5 8. e4
exd4 9. Nxd4 Re8 10. h3 Nc5 11. Re1 a5 12. Nb3 Nxb3 13. Qxb3 Nd7 14. Be3 c6 15.
Rad1 Qe7 16. f4 Nc5 17. Qa3 b6 18. e5 dxe5 19. Bxc5 bxc5 20. Bxc6 Bxh3 21. Nd5
Qe6 22. Bxa8 Rxa8 23. fxe5 Bg4 24. Nc7 Qxc4 25. Nxa8 Bxd1 26. Rxd1 Bxe5 27. Qf3
Bxb2 28. Rd8+ Kg7 29. Nc7 Bd4+ 30. Kg2 Qxa2+ 31. Kh3 h5 32. Ne8+ Kf8 33. Nf6+ 1-0

[Event "40th ECC Open 2025"]
[Site "Rhodes GRE"]
[Date "2025.10.21"]
[Round "3.116"]
[White "Yurtseven, Melih"]
[Black "Haring, Filip"]
[Result "1-0"]
[WhiteTitle "IM"]
[BlackTitle "IM"]
[WhiteElo "2352"]
[BlackElo "2479"]
[WhiteTeam "Konya Yildiz Satranc SK"]
[BlackTeam "SK K Cero Invest Nitra"]
[WhiteFideId "6312160"]
[BlackFideId "14933080"]
[EventDate "2025.10.19"]
[EventType "team"]

1. d4 Nf6 2. c4 e6 3. Nf3 Bb4+ 4. Nbd2 O-O 5. a3 Be7 6. g3 d5 7. Bg2 b6 8. O-O
Bb7 9. b3 Nbd7 10. Bb2 a5 11. Rc1 c5 12. a4 Rc8 13. Re1 cxd4 14. Nxd4 Bb4 15.
Rf1 Nc5 16. cxd5 Bxd2 17. Qxd2 Bxd5 18. Qe3 Bxg2 19. Kxg2 Qd5+ 20. Kg1 Qh5 21.
Nf3 Nd5 22. Qd4 f6 23. Qc4 Qf7 24. Ba3 e5 25. Qb5 Qe8 26. Qxe8 Rfxe8 27. Bxc5
Rxc5 28. Rxc5 bxc5 29. Rc1 Rc8 30. Nd2 Nb6 31. Ne4 Nd7 32. Rd1 Rc7 33. f3 Kf8
34. Rd6 Rb7 35. Nd2 Nb8 36. Rd8+ Ke7 37. Rc8 Nd7 38. Ra8 Ke6 39. Rxa5 Kd5 40.
Kf2 Kd4 41. Ra6 Kc3 42. Rd6 Kb4 43. g4 Nb6 44. h4 Nc8 45. Rd8 Nb6 46. g5 f5 47.
Ke1 c4 48. Nxc4 Nxc4 49. bxc4 Kxc4 50. Kf2 f4 51. h5 Rf7 52. a5 Ra7 53. a6 Kc5
54. Kg2 Kc6 55. Rh8 g6 56. hxg6 hxg6 57. Rg8 Kd5 58. Rxg6 e4 59. Kh3 Kd4 60. Re6 1-0

[Event "40th ECC Open 2025"]
[Site "Rhodes GRE"]
[Date "2025.10.21"]
[Round "3.117"]
[White "Stohl, Igor"]
[Black "Citak, Selim"]
[Result "1/2-1/2"]
[WhiteTitle "GM"]
[BlackTitle "FM"]
[WhiteElo "2394"]
[BlackElo "2308"]
[WhiteTeam "SK K Cero Invest Nitra"]
[BlackTeam "Konya Yildiz Satranc SK"]
[WhiteFideId "14900025"]
[BlackFideId "6301819"]
[EventDate "2025.10.19"]
[EventType "team"]

1. Nf3 Nf6 2. c4 e6 3. Nc3 d5 4. d4 dxc4 5. e3 a6 6. a4 c5 7. Bxc4 Nc6 8. O-O
Be7 9. Qe2 cxd4 10. Rd1 e5 11. exd4 exd4 12. Nxd4 Nxd4 13. Qe5 Qd6 14. Qxd6 Bxd6
15. Rxd4 Bc5 16. Rd1 O-O 17. Bg5 Bg4 18. Re1 Rfe8 19. h3 Bf5 20. Nd5 Ne4 21. Be3
Bxe3 22. Nxe3 Nd6 23. Nxf5 Nxc4 24. b3 g6 25. Nh6+ Kg7 26. Nxf7 Rxe1+ 27. Rxe1
Kxf7 28. bxc4 Rc8 29. Rb1 Rxc4 30. Rxb7+ Kg8 31. Rb8+ 1/2-1/2

[Event "40th ECC Open 2025"]
[Site "Rhodes GRE"]
[Date "2025.10.21"]
[Round "3.118"]
[White "Guleryuz, Kuzey"]
[Black "Bochnicka, Vladimir ml."]
[Result "1-0"]
[WhiteTitle "CM"]
[BlackTitle "IM"]
[WhiteElo "2256"]
[BlackElo "2347"]
[WhiteTeam "Konya Yildiz Satranc SK"]
[BlackTeam "SK K Cero Invest Nitra"]
[WhiteFideId "44500203"]
[BlackFideId "14943450"]
[EventDate "2025.10.19"]
[EventType "team"]

1. e4 e5 2. Nf3 Nc6 3. Bc4 Nf6 4. d3 h6 5. c3 d6 6. a4 Be7 7. O-O O-O 8. Re1 Be6
9. Nbd2 Bxc4 10. Nxc4 Re8 11. a5 a6 12. Qb3 Rb8 13. Ne3 Bf8 14. Bd2 Qd7 15. Nd5
Nxd5 16. exd5 Ne7 17. d4 Ng6 18. dxe5 dxe5 19. Be3 e4 20. Nd2 Bd6 21. c4 c5 22.
Qc2 f5 23. f3 Qc7 24. h3 Bg3 25. Bf2 Bxf2+ 26. Kxf2 e3+ 27. Rxe3 Rxe3 28. Kxe3
Re8+ 29. Kf2 Qe5 30. Kg1 Qd4+ 31. Kf1 Nf4 32. Qc3 Re2 33. Qxd4 cxd4 34. g3 Rxd2
35. gxf4 d3 36. d6 Kf7 37. Re1 Rh2 38. d7 d2 39. d8=N+ Kg6 40. Rd1 Kh5 41. Ne6
Kh4 42. Nd4 Kg3 43. Ne2+ Kxf3 44. Rxd2 Ke3 45. Rc2 g5 46. fxg5 hxg5 47. Rc3+ Ke4
48. Rg3 f4 49. Rxg5 f3 50. Nc3+ Kd3 51. Nd1 Rc2 52. Rd5+ Ke4 53. b3 Kf4 54. Nf2
Rc1+ 55. Rd1 Rc3 56. Rd4+ Ke5 57. Rd3 Rc1+ 58. Nd1 Kf4 59. Rd2 Kg3 60. h4 Ra1
61. Rd7 Rxa5 62. Rg7+ Kf4 63. Rxb7 Rh5 64. Rf7+ Kg3 65. Rg7+ Kf4 66. Rf7+ Kg3
67. Ne3 Ra5 68. Rg7+ Kxh4 69. Kf2 Ra3 70. Rb7 1-0

[Event "40th ECC Open 2025"]
[Site "Rhodes GRE"]
[Date "2025.10.21"]
[Round "3.119"]
[White "Jablonicky, Martin"]
[Black "Olcum, Ahmet"]
[Result "1/2-1/2"]
[WhiteTitle "IM"]
[BlackTitle "FM"]
[WhiteElo "2330"]
[BlackElo "2221"]
[WhiteTeam "SK K Cero Invest Nitra"]
[BlackTeam "Konya Yildiz Satranc SK"]
[WhiteFideId "14925621"]
[BlackFideId "6311393"]
[EventDate "2025.10.19"]
[EventType "team"]

1. e4 Nc6 2. Nf3 d6 3. d4 Nf6 4. c3 e5 5. Bb5 Bd7 6. O-O Be7 7. Re1 O-O 8. Nbd2
Nxd4 9. Nxd4 exd4 10. Bxd7 dxc3 11. Ba4 cxd2 12. Bxd2 d5 13. exd5 Nxd5 14. Qf3
c6 15. Rad1 Bf6 16. Bb4 Re8 17. Rxe8+ Qxe8 18. Rxd5 b5 19. Bxb5 cxb5 20. g3 Rc8
21. b3 h6 22. Kg2 Rc2 23. Qf5 Qc6 24. Qf3 Qc8 25. Rxb5 Bd4 26. Be1 Rxa2 27. Rd5
Bb6 28. Bd2 Qe6 29. Qd3 Rb2 30. Be3 g6 31. Bxb6 Qxb6 32. Rd8+ Kh7 33. Qd4 Qxd4
34. Rxd4 Rxb3 35. Rd7 Kg7 1/2-1/2

[Event "40th ECC Open 2025"]
[Site "Rhodes GRE"]
[Date "2025.10.21"]
[Round "3.120"]
[White "Acarbay, Algi"]
[Black "Chovan, Milan"]
[Result "0-1"]
[WhiteTitle "WCM"]
[BlackTitle "FM"]
[WhiteElo "1992"]
[BlackElo "2304"]
[WhiteTeam "Konya Yildiz Satranc SK"]
[BlackTeam "SK K Cero Invest Nitra"]
[WhiteFideId "6303692"]
[BlackFideId "14933691"]
[EventDate "2025.10.19"]
[EventType "team"]

1. d4 Nf6 2. Bf4 c5 3. d5 Qb6 4. b3 d6 5. c4 g6 6. Nc3 Bg7 7. Rc1 O-O 8. Nf3 a6
9. e4 Qa5 10. Qd2 b5 11. Bd3 Bg4 12. Ng1 b4 13. Nb1 Qb6 14. f3 Bc8 15. Bh6 Nbd7
16. h4 Ne5 17. Be2 e6 18. g4 exd5 19. cxd5 Re8 20. Bxg7 Kxg7 21. h5 c4 22. hxg6
fxg6 23. bxc4 Ra7 24. Qh6+ Kg8 25. Nd2 Qd4 26. Nb3 Qb6 27. Nd2 a5 28. c5 dxc5
29. Nc4 Nxc4 30. Bxc4 Ba6 31. Ne2 Bxc4 32. Rxc4 Qb5 33. Qc1 Nd7 34. Nf4 Ne5 35.
Rxc5 Qb6 36. Ke2 Rf7 37. Rc2 Qa6+ 38. Ke1 Rxf4 0-1

[Event "40th ECC Open 2025"]
[Site "Rhodes GRE"]
[Date "2025.10.21"]
[Round "3.121"]
[White "Smirin, Ilia"]
[Black "Ragnarsson, Dagur"]
[Result "1/2-1/2"]
[WhiteTitle "GM"]
[BlackTitle "IM"]
[WhiteElo "2554"]
[BlackElo "2385"]
[WhiteTeam "Perfect"]
[BlackTeam "Fjolnir"]
[WhiteFideId "2801990"]
[BlackFideId "2304058"]
[EventDate "2025.10.19"]
[EventType "team"]

1. Nf3 d5 2. g3 g6 3. Bg2 Bg7 4. c4 dxc4 5. Qa4+ Nc6 6. Qxc4 e5 7. Nc3 Nge7 8.
O-O O-O 9. d3 h6 10. Bd2 Be6 11. Qa4 f5 12. Rac1 Nd4 13. Ne1 Nd5 14. Qd1 c6 15.
e3 Nxc3 16. bxc3 Nb5 17. c4 Nd6 18. Nf3 Qc7 19. Bc3 Nf7 20. Qe2 Rad8 21. Rfd1
Rfe8 22. Qb2 Bc8 23. a4 g5 24. d4 e4 25. Nd2 h5 26. c5 Be6 27. Bf1 Bd5 28. Bc4
Re6 29. Rb1 Rd7 30. a5 a6 31. Qb6 Nd8 32. Qxc7 Rxc7 33. Be2 Rh6 34. Nc4 Bf8 35.
Nb6 g4 36. Nxd5 cxd5 37. Rb6 Rxb6 38. axb6 Rh7 39. Rb1 Nc6 40. Bd1 Kf7 41. Ba4
Rh6 42. Kg2 Ke7 43. h3 Kd7 44. Rh1 Bg7 45. Bb3 Ke6 1/2-1/2

[Event "40th ECC Open 2025"]
[Site "Rhodes GRE"]
[Date "2025.10.21"]
[Round "3.122"]
[White "Thorfinnsson, Bjorn"]
[Black "Hamitevici, Vladimir"]
[Result "0-1"]
[WhiteTitle "IM"]
[BlackTitle "GM"]
[WhiteElo "2329"]
[BlackElo "2445"]
[WhiteTeam "Fjolnir"]
[BlackTeam "Perfect"]
[WhiteFideId "2300982"]
[BlackFideId "13902393"]
[EventDate "2025.10.19"]
[EventType "team"]

1. e4 c5 2. Nc3 a6 3. d4 cxd4 4. Qxd4 Nc6 5. Qe3 b5 6. f4 e6 7. Nf3 Nf6 8. g4 d5
9. exd5 Nb4 10. Bd3 Nxg4 11. Qe2 Nxd3+ 12. cxd3 b4 13. Na4 Be7 14. Rg1 exd5 15.
Nd4 O-O 16. f5 h5 17. Rxg4 hxg4 18. Qxg4 Qe8 19. Kf2 Qxa4 20. Bh6 g6 21. Re1 Bc5
22. Kg2 b3 23. Bxf8 Bxf5 0-1

[Event "40th ECC Open 2025"]
[Site "Rhodes GRE"]
[Date "2025.10.21"]
[Round "3.123"]
[White "Atlas, Valery"]
[Black "Bjornsson, Sigurbjorn"]
[Result "1/2-1/2"]
[WhiteTitle "IM"]
[BlackTitle "FM"]
[WhiteElo "2407"]
[BlackElo "2282"]
[WhiteTeam "Perfect"]
[BlackTeam "Fjolnir"]
[WhiteFideId "12000035"]
[BlackFideId "2300974"]
[EventDate "2025.10.19"]
[EventType "team"]

1. e4 c5 2. Nf3 d6 3. d4 cxd4 4. Nxd4 Nf6 5. Nc3 g6 6. g3 Bg4 7. f3 Bd7 8. g4
Bg7 9. Be3 Nc6 10. Qd2 Rc8 11. O-O-O O-O 12. Kb1 Ne5 13. Bh6 Bxh6 14. Qxh6 Rxc3
15. bxc3 Qa5 16. Qc1 Rc8 17. Qb2 Rxc3 18. Bd3 Be6 19. Rhf1 Nfd7 20. Nb3 Qc7 21.
Nd4 Qa5 22. Nb3 Qc7 23. Nd4 Qa5 24. Nb3 1/2-1/2